Sambuddha jayanti dharma pustaka

Saved in:  
Bibliographic Details
Format: Print Series/Journal
Language:Sinhala
Subito Delivery Service: Order now.
Check availability: HBZ Gateway
WorldCat: WorldCat
Interlibrary Loan:Für eine Fernleihe wählen Sie bitte zuerst einen Band oder Aufsatz aus.
Published: Colombo Pāmasiri Sugatadāsa 19XX-
In:Year: 1956
Volumes / Articles:Show volumes/articles.
Further subjects:B Publication series

MARC

LEADER 00000cas a22000002c 4500
001 1440513570
003 DE-627
005 20220531110604.0
007 tu
008 120830c19uuuuuuce uu m| 0 |0sin c
035 |a (DE-627)1440513570 
035 |a (DE-576)370513576 
035 |a (DE-599)BSZ370513576 
035 |a (OCoLC)809192715 
040 |a DE-627  |b ger  |c DE-627  |e rakwb 
041 |a sin 
044 |c XB-LK 
190 |j 1956 
245 0 0 |a Sambuddha jayanti dharma pustaka 
264 3 1 |a Colombo  |b Pāmasiri Sugatadāsa  |c 19XX- 
336 |a Text  |b txt  |2 rdacontent 
337 |a ohne Hilfsmittel zu benutzen  |b n  |2 rdamedia 
338 |a Band  |b nc  |2 rdacarrier 
500 |a Text in Sinhalese 
655 7 |a Monografische Reihe  |0 (DE-588)4179998-7  |0 (DE-627)104628669  |0 (DE-576)209995106  |2 gnd-content 
951 |a ST 
ELC |b 1 
ITA |a 1  |t 1 
LOK |0 000 xxxxxcx a22 zn 4500 
LOK |0 001 2721962655 
LOK |0 003 DE-627 
LOK |0 004 1440513570 
LOK |0 005 20120830142135 
LOK |0 008 120830||||||||||||||||ger||||||| 
LOK |0 040   |a DE-21  |c DE-627  |d DE-21 
LOK |0 852   |a DE-21 
LOK |0 852 1  |9 00 
LOK |0 935   |a dika  |a inde 
LOK |0 939   |a 30-08-12  |b l01 
ORI |a SA-MARC-ixtheob001.raw 
REL |a 1 
SPR |a 1  |t IXT  |t REL 
SUB |a REL